00616nam a2200217Ia 4500003000900000008004100009040001300050040001300063041000800076100001800084245002900102250001200131260001300143260000900156300001100165300001200176490000600188942000700194999001700201952018000218IT-RoPAU120407s9999 xx 000 0 und d aIT-RoPAU cIT-RoPAU aita aRodolfo Doni  aServo inutile. Romanzo.  aMilano  aRusconi  c1982 a185 p. c20,5 cm v1 cBK c27628d27628 00102ddc406850_00000000000000071aPAULUSbPAULUSd2012-04-11l0o850.0r2012-04-11 00:00:00w2012-04-11yBKzInserito da: In data: n.d. fondo: Via A.Severo 56 Progr:32741